| 000 | 00531nam a2200193Ia 4500 | ||
|---|---|---|---|
| 008 | 230125s9999 xx 000 0 und d | ||
| 041 | _aeng | ||
| 082 |
_a658 _bBUS |
||
| 100 |
_aBushan Y K _9114404 |
||
| 245 | _aFundamentals of business organisation and management | ||
| 250 | _a8th ed | ||
| 260 |
_c1976 _bS. Chand & Company Ltd. _aDelhi |
||
| 300 | _a260p | ||
| 500 | _aBusiness management ,Organisation management | ||
| 500 | _aManagement | ||
| 650 | _aManagement | ||
| 700 |
_aBushan Y K _9114404 |
||
| 999 |
_c91802 _d91802 |
||